|
|
|
|
| LEADER |
01093nam a2200289 a 4500 |
| 001 |
000001570 |
| 003 |
04596 |
| 005 |
20171229145311.0 |
| 008 |
171229s2012 vie |
| 040 |
|
|
|a LSK
|
| 041 |
0 |
|
|a VIE
|
| 082 |
0 |
|
|a 628.43
|b TR-T
|
| 245 |
0 |
0 |
|a Hiện trạng quản lý nước thải tại các nhà máy tuyển luyện vàng - nghiên cứu, đề xuất cho nhà máy Đaksa, tỉnh Quảng Nam [Thesis-Luận văn thạc sĩ]
|c Trần Văn Tuân ; Trần Văn Quang hướng dẫn.
|
| 260 |
|
|
|b Đại học Đà Nẵng
|c 2012
|
| 300 |
|
|
|a 150 pages
|c 27 cm.
|
| 852 |
|
|
|a Phòng Đọc
|
| 901 |
|
|
|a 1
|
| 927 |
|
|
|a Khóa luận
|
| OWN |
|
|
|a LSK
|
| AVA |
|
|
|a UDN50
|b LSK
|d 628.43 TR-T
|e available
|t Error 5001 Not defined in file expand_doc_bib_avail.
|f 1
|g 0
|h N
|i 0
|k 1
|
| 999 |
|
|
|a From the UDN01
|
| AVA |
|
|
|a UDN50
|b LSK
|d 628.43 TR-T
|e available
|t Error 5001 Not defined in file expand_doc_bib_avail.
|f 1
|g 0
|h N
|i 0
|k 1
|
| TYP |
|
|
|a Monograph
|
| TYP |
|
|
|a Printed language
|
| 980 |
|
|
|a Mạng thư viện Đại học Đà Nẵng
|